Pred vykročením do sveta Z predvianočného rokovania Národnej rady Slovenskej republiky

Bibliographic Details
Main Author: Melichárková, Alena (Author)
Format: Article
Language:Slovak
Subjects:

MARC

LEADER 00000nab a2200000 a 4500
001 vtls000472078
003 SK-MaSNL
005 20260304015842.0
008 120926c1992 xo 0 slo
015 |a SNBRB19rr/mm-uuuuu 
035 |a CL0472211 
040 |a SNKBUCL  |b slo  |c SNKBUCL  |e AACR2 
041 0 |a slo 
044 |a xo  |c SK 
080 |a 328.1(437.6)  |2 1981 
100 1 |a Melichárková, Alena  |4 aut  |9 552419 
245 1 0 |a Pred vykročením do sveta  |b Z predvianočného rokovania Národnej rady Slovenskej republiky  |c Alena Melichárková 
610 1 7 |a Slovensko (Československo).  |b Slovenská národná rada  |2 SNKKA  |9 34638 
651 7 |a 5100  |2 snkbucl  |9 166206 
655 7 |a články z novín a časopisov  |2 snkbucl  |9 267496 
773 0 |t Národná obroda  |g Roč. 3, č. 297 (17. 12. 1992), s. 2 
850 |a Slovenská národná knižnica v Martine  |a MTA001 
852 |a SNK  |b KIS3GCP 
958 |a RK 
992 |a RBX 
999 |c 2594842  |d 2596772